<?xml version="1.0" encoding="UTF-8"?>
<record
    xmlns:xsi="http://www.w3.org/2001/XMLSchema-instance"
    xsi:schemaLocation="http://www.loc.gov/MARC21/slim http://www.loc.gov/standards/marcxml/schema/MARC21slim.xsd"
    xmlns="http://www.loc.gov/MARC21/slim">

  <leader>01261nam a22002417a 4500</leader>
  <controlfield tag="005">20231128150756.0</controlfield>
  <controlfield tag="008">      s2549    th                  tha d</controlfield>
  <datafield tag="020" ind1=" " ind2=" ">
    <subfield code="a">9748038181</subfield>
  </datafield>
  <datafield tag="040" ind1=" " ind2=" ">
    <subfield code="a">&#xE37;NALT</subfield>
  </datafield>
  <datafield tag="041" ind1=" " ind2=" ">
    <subfield code="a">tha</subfield>
  </datafield>
  <datafield tag="050" ind1=" " ind2=" ">
    <subfield code="a">DS 588.S6 </subfield>
    <subfield code="b">&#xE28;445&#xE01; 2549</subfield>
  </datafield>
  <datafield tag="100" ind1="0" ind2=" ">
    <subfield code="a">&#xE1E;&#xE35;&#xE23;&#xE30;&#xE1E;&#xE07;&#xE29;&#xE4C; &#xE21;&#xE32;&#xE19;&#xE30;&#xE01;&#xE34;&#xE08;</subfield>
    <subfield code="9">9196</subfield>
  </datafield>
  <datafield tag="245" ind1="1" ind2="0">
    <subfield code="a">&#xE01;&#xE32;&#xE23;&#xE41;&#xE01;&#xE49;&#xE1B;&#xE31;&#xE0D;&#xE2B;&#xE32; 4 &#xE08;&#xE31;&#xE07;&#xE2B;&#xE27;&#xE31;&#xE14;&#xE0A;&#xE32;&#xE22;&#xE41;&#xE14;&#xE19;&#xE20;&#xE32;&#xE04;&#xE43;&#xE15;&#xE49; : </subfield>
    <subfield code="b">&#xE01;&#xE32;&#xE23;&#xE1A;&#xE39;&#xE23;&#xE13;&#xE32;&#xE01;&#xE32;&#xE23;&#xE21;&#xE34;&#xE15;&#xE34;&#xE01;&#xE32;&#xE23;&#xE1E;&#xE31;&#xE12;&#xE19;&#xE32;&#xE41;&#xE25;&#xE30;&#xE21;&#xE34;&#xE15;&#xE34;&#xE04;&#xE27;&#xE32;&#xE21;&#xE21;&#xE31;&#xE48;&#xE19;&#xE04;&#xE07; /</subfield>
    <subfield code="c">&#xE1E;&#xE35;&#xE23;&#xE30;&#xE1E;&#xE07;&#xE29;&#xE4C; &#xE21;&#xE32;&#xE19;&#xE30;&#xE01;&#xE34;&#xE08;, &#xE2A;&#xE38;&#xE20;&#xE13;&#xE34;&#xE14;&#xE32; &#xE1E;&#xE27;&#xE07;&#xE1C;&#xE01;&#xE32;, &#xE01;&#xE19;&#xE01;&#xE1E;&#xE31;&#xE19;&#xE18;&#xE38;&#xE4C; &#xE1A;&#xE31;&#xE27;&#xE22;&#xE32;</subfield>
  </datafield>
  <datafield tag="260" ind1=" " ind2=" ">
    <subfield code="a">&#xE01;&#xE23;&#xE38;&#xE07;&#xE40;&#xE17;&#xE1E;&#xE2F; : </subfield>
    <subfield code="b">&#xE2A;&#xE33;&#xE19;&#xE31;&#xE01;&#xE07;&#xE32;&#xE19;&#xE40;&#xE25;&#xE02;&#xE32;&#xE18;&#xE34;&#xE01;&#xE32;&#xE23;&#xE27;&#xE38;&#xE12;&#xE34;&#xE2A;&#xE20;&#xE32;, </subfield>
    <subfield code="c">2549</subfield>
  </datafield>
  <datafield tag="300" ind1=" " ind2=" ">
    <subfield code="a">90 &#xE2B;&#xE19;&#xE49;&#xE32; :</subfield>
    <subfield code="b">&#xE15;&#xE32;&#xE23;&#xE32;&#xE07; ;</subfield>
    <subfield code="c">30 &#xE0B;&#xE21;.</subfield>
  </datafield>
  <datafield tag="651" ind1=" " ind2="0">
    <subfield code="a"> </subfield>
    <subfield code="9">16505</subfield>
  </datafield>
  <datafield tag="651" ind1=" " ind2="4">
    <subfield code="9">23450</subfield>
    <subfield code="a">&#xE44;&#xE17;&#xE22; (&#xE20;&#xE32;&#xE04;&#xE43;&#xE15;&#xE49;) </subfield>
    <subfield code="x">&#xE1B;&#xE31;&#xE0D;&#xE2B;&#xE32;&#xE0A;&#xE32;&#xE22;&#xE41;&#xE14;&#xE19;  </subfield>
  </datafield>
  <datafield tag="700" ind1="0" ind2=" ">
    <subfield code="9">49289</subfield>
    <subfield code="a">&#xE01;&#xE19;&#xE01;&#xE1E;&#xE31;&#xE19;&#xE18;&#xE38;&#xE4C; &#xE1A;&#xE31;&#xE27;&#xE22;&#xE32;</subfield>
  </datafield>
  <datafield tag="700" ind1="0" ind2=" ">
    <subfield code="9">49290</subfield>
    <subfield code="a">&#xE2A;&#xE38;&#xE20;&#xE13;&#xE34;&#xE14;&#xE32; &#xE1E;&#xE27;&#xE07;&#xE1C;&#xE01;&#xE32;</subfield>
  </datafield>
  <datafield tag="850" ind1=" " ind2=" ">
    <subfield code="a">NALT</subfield>
  </datafield>
  <datafield tag="942" ind1=" " ind2=" ">
    <subfield code="c">RSH</subfield>
    <subfield code="0">1</subfield>
    <subfield code="2">lcc</subfield>
  </datafield>
  <datafield tag="998" ind1=" " ind2=" ">
    <subfield code="j">104</subfield>
    <subfield code="k"> &#xE19;&#xE32;&#xE07;&#xE2A;&#xE32;&#xE27;&#xE2A;&#xE32;&#xE22;&#xE1D;&#xE19;  &#xE14;&#xE35;&#xE07;&#xE32;&#xE21;</subfield>
  </datafield>
  <datafield tag="999" ind1=" " ind2=" ">
    <subfield code="c">54297</subfield>
    <subfield code="d">54297</subfield>
  </datafield>
  <datafield tag="952" ind1=" " ind2=" ">
    <subfield code="0">0</subfield>
    <subfield code="1">0</subfield>
    <subfield code="4">0</subfield>
    <subfield code="7">0</subfield>
    <subfield code="8">CRSH</subfield>
    <subfield code="a">NALT</subfield>
    <subfield code="b">NALT</subfield>
    <subfield code="e">&#xE1A;&#xE23;&#xE34;&#xE08;&#xE32;&#xE04;</subfield>
    <subfield code="l">1</subfield>
    <subfield code="m">1</subfield>
    <subfield code="o">&#xE27; DS588.S6 &#xE28;445&#xE01;  2549</subfield>
    <subfield code="p">3961171684</subfield>
    <subfield code="r">2018-02-27 00:00:00</subfield>
    <subfield code="s">2018-02-20</subfield>
    <subfield code="w">2017-06-09</subfield>
    <subfield code="y">RSH</subfield>
  </datafield>
</record>
